Economics and business statistics / (Record no. 48795)

MARC details
000 -LEADER
fixed length control field 00851cam a22002654a 4500
001 - CONTROL NUMBER
control field 11941196
003 - CONTROL NUMBER IDENTIFIER
control field OSt
005 - DATE AND TIME OF LATEST TRANSACTION
control field 20170217154344.0
008 - FIXED-LENGTH DATA ELEMENTS--GENERAL INFORMATION
fixed length control field 000314s2000 iaua b 000 0 eng
010 ## - LIBRARY OF CONGRESS CONTROL NUMBER
LC control number 00551961
020 ## - INTERNATIONAL STANDARD BOOK NUMBER
International Standard Book Number 9780470734667
040 ## - CATALOGING SOURCE
Original cataloging agency DLC
Transcribing agency DLC
Modifying agency DLC
042 ## - AUTHENTICATION CODE
Authentication code pcc
050 00 - LIBRARY OF CONGRESS CALL NUMBER
Classification number HF1017
Item number .G37 2009
082 00 - DEWEY DECIMAL CLASSIFICATION NUMBER
Classification number 330/.07/27
Edition number 21
100 1# - MAIN ENTRY--PERSONAL NAME
Personal name Davidson,Jeff
245 10 - TITLE STATEMENT
Title Economics and business statistics /
Statement of responsibility, etc Jeff,Davidson.
260 ## - PUBLICATION, DISTRIBUTION, ETC. (IMPRINT)
Place of publication, distribution, etc John Wiley & sons :
Name of publisher, distributor, etc Hoboken,
Date of publication, distribution, etc 2009.
300 ## - PHYSICAL DESCRIPTION
Extent 602p. :
Other physical details ill. ;
Dimensions 23 cm.
504 ## - BIBLIOGRAPHY, ETC. NOTE
Bibliography, etc Includes bibliographical references.
650 #0 - SUBJECT ADDED ENTRY--TOPICAL TERM
Topical term or geographic name as entry element Commercial statistics.
906 ## - LOCAL DATA ELEMENT F, LDF (RLIN)
a 7
b cbc
c orignew
d 3
e ncip
f 20
g y-gencatlg
942 ## - ADDED ENTRY ELEMENTS (KOHA)
Source of classification or shelving scheme Library of Congress Classification
Koha item type Book
Holdings
Withdrawn status Lost status Source of classification or shelving scheme Damaged status Not for loan Collection code Home library Current library Shelving location Date acquired Source of acquisition Cost, normal purchase price Total Checkouts Full call number Barcode Price effective from Koha item type
    Library of Congress Classification     Non-fiction Nakuru Campus Nakuru Campus General Circulation 17/02/2017 Donation-BFA 2000.00   HF1017 .G37 2009 050847 17/02/2017 Book